01016nam a22002297a 450000500170000000800410001702000180005804000090007604100080008508200230009310000310011624500940014726000340024130000260027536500550030152002880035665000230064465000200066765000300068765000360071770000330075320220521094945.0220520b ||||| |||| 00| 0 eng d a9789392116292 cAloy aeng 223a306.0954bKAVR aBrinda Veerappa Kaveriappa aReforming or re-forming Indian society:bThe early Indian novel in English (1860 to 1920) aMangaluru;bKarnataka,c2021. ax,218p.bHBc22x15cm. 2Englisha328b383.00c₹d450.00e15%f12-05-2022 aThis is a book about early Indian novels and their social engagement. In this book, an attempt is made to understand the social history of India by analysing English novels written by Indians between the period of The Indian Mutiny of 1857 and The Non Cooperation Movement of 1920.  aColonial Discourse aIndian Response aNineteenth Century Novels aEarly Novels in Indian Language aKAVERIAPPA (Brinda Veerappa)